000 00590nam a2200229Ia 4500
003 OSt
005 20220924135513.0
006 a|||||r|||| 00| 0
007 ta
008 220923b |||||||| |||| 00| 0 ben d
024 _a291419
037 _cTextual
040 _aARTS
_cARTS
_bben
041 _2ben
_aben
082 _aO156,1M53w, 157K3
100 _aAbanti
_9210403
245 0 _aBhaktkavi Madhu Sudan Rao o utkale navyug
260 _c1963
650 _aGUJRATI LITERATURE
942 _hO156,1M53w, 157K3
_cTEXL
_2CC
999 _c440896
_d440896